Old Romanian Football Clubs - Statistics

General Stats
  • This quiz has been taken 22 times
  • The average score is 22 of 24
Answer Stats
Picture Answer % Correct
Astra Giurgiu
100%
CFR Cluj
100%
Farul Constanța
100%
Gloria Bistrița
100%
Gloria Buzău
100%
Petrolul Ploiești
100%
Rapid București
100%
Unirea Slobozia
100%
Universitatea Craiova
100%
Viitorul Constanța
100%
CS Mioveni
95%
FC Botoșani
95%
FC Brașov
95%
Universitatea Cluj
95%
Victoria Brănești | Csikszereda
95%
Dinamo București
90%
Politehnica Iași
86%
Politehnica Timișoara
86%
Steaua București
86%
UTA Arad
86%
ASA Târgu Mureș
76%
ACS FC Olt Slatina
67%
Dunărea Călărași | FC Codru
67%
Pandurii Târgu Jiu
62%
No matching quizzes found
Score Distribution
Percent of People with Each Score
Percentile by Number Answered
Your Score History
You have not taken this quiz